| 000 | 01440cam a2200445 a 4500 | ||
|---|---|---|---|
| 001 | 21453 | ||
| 003 | VRT | ||
| 005 | 20260302123548.0 | ||
| 008 | 110919s2011 xr a a 000 j slo | ||
| 015 | _aSNBZSA2013-00333 | ||
| 020 | _a9788025219010 (viaz.) | ||
| 039 | 9 |
_a202511240837 _bcsnk01 _c201302130840 _drsnk06 _c201210160956 _dmttkjf04 _c201209031405 _dmtotk10 |
|
| 040 |
_aPPPK _bslo _cPPPK _dSNK _eAACR2 |
||
| 041 | 1 |
_aslo _heng |
|
| 044 |
_axr _cCZ |
||
| 072 | 7 |
_a821-93 _xLiteratúra pre deti a mládež (beletria) _2konspekt |
|
| 080 |
_a395 _22001 |
||
| 080 |
_a821-93 _22001 |
||
| 080 |
_a821-32 _22001 |
||
| 080 |
_a(0:82-32) _22001 |
||
| 130 | 0 |
_aPrincess pretty please _lSlovensky |
|
| 245 | 0 | 0 |
_aPekne prosím _bako sa slušne správať _c[preložila Ľubica Svárovská] |
| 246 | 3 | 0 | _aAko sa slušne správať |
| 250 | _a1. vyd. | ||
| 260 |
_aV Prahe _bEgmont ČR _c2011 |
||
| 300 |
_a64 s. _bfareb. ilustr. _c26 cm |
||
| 490 | 1 | _aDisney. Princezné | |
| 500 | _aPreložené angličtiny? | ||
| 650 | 0 | 7 |
_aetiketa _2SNKPH |
| 650 | 0 | 7 |
_aspoločenské správanie _2SNKPH |
| 650 | 0 | 9 |
_aEtiquette _2snkph |
| 655 | 7 |
_apublikácie pre deti _2SNKPH |
|
| 655 | 7 |
_apríbehy _2snkph |
|
| 655 | 9 |
_aChildren's literature _2snkph |
|
| 655 | 9 |
_aStories _2snkph |
|
| 700 | 1 |
_aSvárovská, Ľubica _4trl |
|
| 830 | 0 |
_aDisney _pPrincezné |
|
| 942 |
_2ddc _cKLDE _n0 |
||
| 949 |
_617A0886223 _asnkSB 82824 _bsnk2012/7863 _o22/17-dg80100 |
||
| 999 |
_c21453 _d21453 |
||